First International conference on optical communications and networks : Shangri-La Hotel, Singapore, 11-14 November 2002

Optical communications networks are becoming increasingly important as there is demand for high capacity links. Dense wavelength division multiplexing (DWDM) is widely deployed at the core networks to accommodate high capacity transport systems. Optical components such as optical amplifiers, tunable...

Disgrifiad llawn

Wedi'i Gadw mewn:
Manylion Llyfryddiaeth
Fformat: Llyfr
Iaith:Undetermined
Cyhoeddwyd: Singapore World Scientific 2002
Pynciau:
Tagiau: Ychwanegu Tag
Dim Tagiau, Byddwch y cyntaf i dagio'r cofnod hwn!
Thư viện lưu trữ: Trung tâm Học liệu Trường Đại học Cần Thơ
LEADER 01250nam a2200205Ia 4500
001 CTU_157188
008 210402s9999 xx 000 0 und d
020 |c 160.00 
082 |a 621.3827 
082 |b F522 
245 0 |a First International conference on optical communications and networks : 
245 0 |b Shangri-La Hotel, Singapore, 11-14 November 2002 
245 0 |c Editors by C.G. Omidyr, H.G. Shiraz, W.D. Zhong. 
260 |a Singapore 
260 |b World Scientific 
260 |c 2002 
520 |a Optical communications networks are becoming increasingly important as there is demand for high capacity links. Dense wavelength division multiplexing (DWDM) is widely deployed at the core networks to accommodate high capacity transport systems. Optical components such as optical amplifiers, tunable filters, transceivers, termination devices and add-drop multiplexers are becoming more reliable and affordable. Access and metropolitan area networks are increasingly built with optical technologies to overcome the electronic bottleneck at network edges 
650 |a Optical communications,Optical fibers,Quang học viễn thông,Sợi quang 
904 |i Trọng Hải 
980 |a Trung tâm Học liệu Trường Đại học Cần Thơ